000 00530nam a2200229Ia 4500
003 OSt
005 20220924142913.0
006 a|||||r|||| 00| 0
007 ta
008 ASM
024 _a303783
037 _cTextual
040 _aARTS
_cARTS
_bASM
041 _2ASM
_aASM
082 _aV2y7M69, 158K8
100 _aKishor Kumar
_9214281
245 0 _aMahatma smadiir chita
260 _c1968
650 _aHISTORY
942 _hV2y7M69, 158K8
_cTEXL
_2CC
999 _c452407
_d452407